El vínculo afectivo /

Reporte de investigación sistemática sobre el impacto inmediato y distante que produce una temprana separación materna. El Libro pertenece a una trilogía, los otros dos títulos son: La separación afectiva y La pérdida afectiva.

Gespeichert in:
Bibliographische Detailangaben
1. Verfasser: Bowlby, John (autor)
Format: Buch
Sprache:Spanisch
Veröffentlicht: Buenos Aires, Argentina : Paidós, 1990, c1990
Schriftenreihe:(Psicología Profunda ; 48)
Schlagworte:
Tags: Tag hinzufügen
Keine Tags, Fügen Sie das erste Tag hinzu!

MARC

LEADER 00000nam^a2200000^a^4500
001 000037958
005 20250521000000.0
009 20260310085445.153
020 |a 950-12-4048-7 
037 |a Acervo ITESO - Biblioteca 
041 |a ESP 
082 |a 155. 418  |b BOW 
100 |a Bowlby, John  |e (autor) 
245 1 3 |a El vínculo afectivo /  |c J. Bowlby ; tr. por Inés Pardal. 
264 4 |a Buenos Aires, Argentina :  |b Paidós,  |c 1990, c1990 
300 |a 418 p. 
336 |a texto  |b txt  |2 rdacontenido 
337 |a sin mediación  |b n  |2 rdamedio 
338 |a volumen  |b nc  |2 rdasoporte 
440 1 |a (Psicología Profunda ;  |v 48) 
500 |a Traducción de: Attachement and Loss 
520 |a Reporte de investigación sistemática sobre el impacto inmediato y distante que produce una temprana separación materna. El Libro pertenece a una trilogía, los otros dos títulos son: La separación afectiva y La pérdida afectiva. 
649 |a XX 
650 |a Relaciones Padres-Hijos 
650 |a Relaciones Familiares 
650 |a Redes Sociales 
650 |a Afectividad 
650 |a Emoción 
650 |a Motivación 
650 |a Aprendizaje 
650 |a Desarrollo Emocional 
650 |a Psicología Evolutiva 
650 |a Psicología Clínica 
910 |a Fondo General 
920 |a Impresos - Libros 
930 |a Colección General 
905 |a 101 
901 |a 0379580100  |b IT1  |c ACC  |i 037958  |u 20250521 
902 |a https://opac.biblio.iteso.mx/vufind/Record/000037958